| 000 | 01225nam a22002657i 4500 | ||
|---|---|---|---|
| 003 | URS | ||
| 005 | 20220117151128.0 | ||
| 008 | 171211b xxu||||| |||| 00| 0 eng d | ||
| 050 | 1 | 4 |
_aHQ 759.915 _bSo15 2010 |
| 100 | 1 |
_aSodela, Hazel N, _eauthor |
|
| 245 | 1 | 0 |
_aConflicts and desires of single parents in the University of Rizal System Campuses / _cHazel N. Sodela. |
| 260 | 1 | _c2010. | |
| 300 |
_axiv, 74 leaves : _billustrations (some colour) ; _c28 cm |
||
| 336 |
_2rdacontent _atext |
||
| 336 |
_2rdacontent _astill image |
||
| 337 |
_2rdamedia _aunmediated |
||
| 338 |
_2rdacarrier _avolume |
||
| 502 |
_aThesis _bBachelor of Science in Psychology _cUniversity of Rizal System _d2010 |
||
| 504 | _aIncludes bibliographical references. | ||
| 520 | _aThis study aimed to determine the conflicts and desires of single parents in the University of Rizal System. The descriptive method of research was employed in the study. Complete Enumeration of the respondent was used. A questionnaire-checklist was utilized as the main instrument in gathering data. | ||
| 610 | 1 | 0 | _aUniversity of Rizal System |
| 650 | 0 |
_aSingle parents _zPhilippines _zRizal |
|
| 700 | 1 |
_aMateo, Fe Esperanza _edegree supervisor |
|
| 942 |
_2lcc _cT |
||
| 999 |
_c16883 _d16883 |
||